Statistics for Events in the Far Future

Click here to take the quiz!

General Stats

  • This quiz has been taken 13 times
  • The average score is 11 of 15

Answer Stats

Years from NowEvent DescriptionAnswer% Correct
24,110This place in Eastern Europe will return to normal radiation levelsChernobyl Exclusion Zone
100%
15,000This large desert will regain a tropical climateSahara Desert
100%
50 millionThis planet will have experienced a collision with its moon PhobosMars
92%
5.4 billionThis near and dear star will exhaust its hydrogen supply and swell into a red giantThe Sun
92%
50 millionThe African plate will collide with the Eurasian plate, and this sea will disappearMediterranean Sea
85%
50,000This North American waterfall will completely erode and cease to existNiagara Falls
85%
1,100Gamma Cephei will replace Polaris as thisNorth Star
85%
50,000A day on Earth is expected to be one ______ longer than at presentSecond
85%
250,000The newest island of this Pacific Ocean archipelago will have risen upHawaiian Islands
77%
600 millionThe moon will move far enough from the Earth that these shadowy phenomenon will not be possible anymoreSolar Eclipses
69%
1 millionThis Egyptian landmark will erode into unrecognizablilityGreat Pyramid of Giza
62%
7.5 billionAs their star expands, Earth and Mars could become tidally ______, with only one of their sides facing the starLocked
62%
1 billionThe Golden Records above these spacecraft will be unplayableVoyager spacecraft
54%
10,000The Svalbard Global Seed _____ is expected to last this longVault
46%
500,000This national park in South Dakota will erode completelyBadlands National Park
31%

Score Distribution

Percentile by Number Answered

Percent of People with Each Score

Your Score History

You have not taken this quiz